Todas as lágrimas do inferno (Registo nº 201687)

Detalhes MARC
000 -Etiqueta do registo
Valores 00601nam 22002173 4500
021 ## - Número do Depósito Legal
Código do país Portugal
Número 35793/90
100 ## - Dados gerais de processamento
Dados gerais 20260408d u||y0pory50 ba
200 ## - Titulo e menção de responsabilidade
Título próprio Todas as lágrimas do inferno
Primeira menção de responsabilidade W. Vance, J. Van Hamme
210 ## - Publicação
Local de publicação Lisboa
Nome do editor Meribérica/Liber
Data de publicação D. L. 1990
215 ## - Descrição física 
Paginação / Volumes 48 p.
Outras indicações físicas il. ; brochado
Dimensões 29 cm
225 ## - Colecção 
Título próprio da colecção XIII
606 ## - Nome comum usado como assunto
Palavra de ordem Desenho Artístico
ID Autoridade 1586
610 ## - Termos não controlados
Palavra de ordem Banda desenhada
675 ## - CDU
Notação 74
Edição PT
Língua por
700 ## - Autor principal (pessoa individual)
Apelido Vance
ID Autoridade 17032
Nome William
701 ## - Co-autor principal (pessoa individual)
ID Autoridade 16922
Apelido Hamme
Nome Jean Van
Datas 1939-
801 ## - Fonte de origem
País PT
Agência BMMN
Regras de catalogação RPC
830 ## - Notas gerais do catalogador
Criado por Isabel
990 ## - Elementos KOHA
Tipo de documento Livro
Exemplares
Situação do levantamento Biblioteca de origem Código de barras Cota Permissão de empréstimo Tipo de documento Forma de aquisição
  Biblioteca Municipal de Montemor-o-Novo 31053 74 VAN|DEP   Livro Oferta

Powered by Koha